| 000 | 00540cam a2200217ua 4500 | ||
|---|---|---|---|
| 005 | 20201204112044.0 | ||
| 008 | 110712n ii |||frmmmmZ001|0|eng | ||
| 020 | _a812720191X | ||
| 040 |
_cMAIN _aIN-DiNC |
||
| 041 | _deng | ||
| 082 |
_a336 _bLEK |
||
| 100 | 1 |
_aLekhi, R. K., _eauthor |
|
| 245 | 1 |
_aPublic finance/ _cby R. K. Lekhi |
|
| 250 | _a9th. | ||
| 260 |
_aNew Delhi: _bKalyani Publishers, _c2001. |
||
| 300 |
_a1028p: _bill; _c25cm. |
||
| 650 | _aEconomics | ||
| 653 | _aEconomics | ||
| 653 | _aPublic finance | ||
| 942 |
_cBK _2ddc |
||
| 999 |
_c1456 _d1456 |
||